Kampala law reports : Cited as 1999 KALR / (Record no. 2349)

MARC details
000 -LEADER
fixed length control field 01161cas a2200373 a 4500
001 - CONTROL NUMBER
control field 11394222
003 - CONTROL NUMBER IDENTIFIER
control field OSt
005 - DATE AND TIME OF LATEST TRANSACTION
control field 20140727020001.0
008 - FIXED-LENGTH DATA ELEMENTS--GENERAL INFORMATION
fixed length control field 920730c19899999ug ar w eng
010 ## - LIBRARY OF CONGRESS CONTROL NUMBER
LC control number 91980854
035 ## - SYSTEM CONTROL NUMBER
System control number (OCoLC)ocm26291235
040 ## - CATALOGING SOURCE
Original cataloging agency DLC
Transcribing agency DLC
Modifying agency NST
-- DLC
-- MH-L
042 ## - AUTHENTICATION CODE
Authentication code lc
043 ## - GEOGRAPHIC AREA CODE
Geographic area code f-ug---
050 00 - LIBRARY OF CONGRESS CALL NUMBER
Classification number KTW490.K363
Item number K35
082 00 - DEWEY DECIMAL CLASSIFICATION NUMBER
Classification number 348.6761 KAM
Edition number 22
245 00 - TITLE STATEMENT
Title Kampala law reports : Cited as 1999 KALR /
Remainder of title decisions of the High Court and Supreme Court of Uganda.
246 1# - VARYING FORM OF TITLE
Display text Cited as:
Title proper/short title KALR
260 ## - PUBLICATION, DISTRIBUTION, ETC. (IMPRINT)
Place of publication, distribution, etc Kampala, Uganda :
Name of publisher, distributor, etc Kampala Law Reports,
Date of publication, distribution, etc 1999-
300 ## - PHYSICAL DESCRIPTION
Extent v. ;
Dimensions 32 cm.
310 ## - CURRENT PUBLICATION FREQUENCY
Current publication frequency Annual
362 0# - DATES OF PUBLICATION AND/OR SEQUENTIAL DESIGNATION
Dates of publication and/or sequential designation 1989-
500 ## - GENERAL NOTE
General note Title from cover.
500 ## - GENERAL NOTE
General note Editor: Ladislaus Kiiza Rwakafuuzi.
515 ## - NUMBERING PECULIARITIES NOTE
Numbering peculiarities note Vols. for <1992-> issued in parts.
590 ## - LOCAL NOTE (RLIN)
Local note SERBIB/SERLOC merged record
650 #0 - SUBJECT ADDED ENTRY--TOPICAL TERM
Topical term or geographic name as entry element Law reports, digests, etc.
Geographic subdivision Uganda.
9 (RLIN) 5121
700 1# - ADDED ENTRY--PERSONAL NAME
Personal name Rwakafuuzi, Ladislaus Kiiza.
9 (RLIN) 1996
710 1# - ADDED ENTRY--CORPORATE NAME
Corporate name or jurisdiction name as entry element Uganda.
Subordinate unit High Court.
9 (RLIN) 5122
710 1# - ADDED ENTRY--CORPORATE NAME
Corporate name or jurisdiction name as entry element Uganda.
Subordinate unit Supreme Court.
9 (RLIN) 5123
906 ## - LOCAL DATA ELEMENT F, LDF (RLIN)
a 7
b cbc
c serials
d 2
e ncip
f 19
g n-oclcserc
942 ## - ADDED ENTRY ELEMENTS (KOHA)
Source of classification or shelving scheme Dewey Decimal Classification
Koha item type Law Reports
Koha issues (borrowed), all copies 1
Holdings
Withdrawn status Lost status Source of classification or shelving scheme Damaged status Not for loan Home library Current library Shelving location Date acquired Total Checkouts Full call number Barcode Checked out Date last seen Date checked out Price effective from Koha item type
    Dewey Decimal Classification     Law Development Centre Main Library Law Development Centre Main Library Law Reports 06/05/2011 1 348.6761 KAM 2011/2836 07/28/2014 07/26/2014 07/26/2014 06/05/2011 Law Reports
    Dewey Decimal Classification     Law Development Centre Main Library Law Development Centre Main Library Law Reports 01/10/2012   348.6761 KAM 3587/2012   01/10/2012   01/10/2012 Law Reports